000 00597nam a2200205Ia 4500
003 GCL
008 140319s9999 xx 000 0 ara d
040 _aGCL /
_cGCL
082 0 4 _a811.094
_bع ك
100 1 _aعبدالعزيز خميس
245 1 0 _aكلام فى الحب /
_cعبدالعزيز خميس
260 _a[S.N] :
_bالمكتب المصرى الحديث ،
_c1986
300 _a278 ص
490 _a
650 0 4 _aالشعر العربى
650 0 4 _aمصر
650 0 4 _aالغزالى
650 0 4 _aالشعر العربى - العصر الحديث
942 _2ddc
_cBK
999 _c30665
_d30665